LEADER 01456nam 2200457 450 001 9910465896903321 005 20200118150911.0 010 $a0-7877-0815-1 035 $a(CKB)3710000001093816 035 $a(MiAaPQ)EBC4813004 035 $a(Au-PeEL)EBL4813004 035 $a(CaPaEBR)ebr11353001 035 $a(OCoLC)975224090 035 $a(EXLCZ)993710000001093816 100 $a20200118d2014 uy 0 101 0 $aeng 135 $aurcnu|||||||| 181 $ctxt$2rdacontent 182 $cc$2rdamedia 183 $acr$2rdacarrier 200 00$aConjunctions, prepositions and interjections (CCSS L.5.1a) 210 1$aDayton, OH :$cLorenz Educational Press,$d[2014] 210 4$dİ2014 215 $a1 online resource (13 pages) 225 0 $aCommon Core State Standards 410 0$aCommon Core State Standards. 606 $aEnglish language$xConjunctions$vJuvenile literature 606 $aEnglish language$xPrepositions$vJuvenile literature 606 $aEnglish language$xInterjections$vJuvenile literature 608 $aElectronic books. 615 0$aEnglish language$xConjunctions 615 0$aEnglish language$xPrepositions 615 0$aEnglish language$xInterjections 676 $a425.7 801 0$bMiAaPQ 801 1$bMiAaPQ 801 2$bMiAaPQ 906 $aBOOK 912 $a9910465896903321 996 $aConjunctions, prepositions and interjections (CCSS L.5.1a)$92069081 997 $aUNINA LEADER 02314nam 2200481 450 001 9910815859103321 005 20230721043754.0 010 $a2-39009-001-X 035 $a(CKB)3790000000019334 035 $a(EBL)2118715 035 $a(MiAaPQ)EBC2118715 035 $a(Au-PeEL)EBL2118715 035 $a(OCoLC)915311650 035 $a(EXLCZ)993790000000019334 100 $a20200124d2007 uy 0 101 0 $afre 135 $aur|n|---||||| 181 $ctxt$2rdacontent 182 $cc$2rdamedia 183 $acr$2rdacarrier 200 14$aLes + grands meurtriers /$fPaul Roland ; traduit de l'anglais par Sarah Boux et Justine Thomas ; sous la direction d'Eric Timmermans 210 1$aParis ;$aBruxelles :$cJLC,$d[2007] 210 4$dİ2007 215 $a1 online resource (308 p.) 300 $aDescription based upon print version of record. 311 $a2-87462-052-1 320 $aIncludes bibliographical references. 327 $aCouverture; Page de titre; Avant-propos; Introduction; Des pas dans le brouillard; Fou, me?chant et dangereux a? fre?quenter; Les dossiers du FBI; Le profilage en pratique; Deux esprits; Mauvaises graines et femmes tueuses; Crimes sexuels; Bibliographie; Copyright 330 $a Sur les traces de tueurs en se?rie, de pre?dateurs sexuels, de mai?tres chanteurs et autres terroristes les plus tristement ce?le?bresDans un langage clair, simple, accessible a? tous, a? la lumie?re de re?cits dramatiques et d'expe?riences ve?cues par les plus grands profileurs, cet ouvrage vous invite a? suivre, voire a? mener, l'enque?te. Aux co?te?s d'experts charge?s de les traquer, vous allez de?couvrir qui sont ces pre?dateurs, comment ils agissent et ce qui motive des hommes, des femmes et me?me des enfants, apparemment comme vous et moi, a? commettre les meurtres les plus abominables et les plus inimagin 606 $aMurderers$xPsychology 615 0$aMurderers$xPsychology. 676 $a364.1523 700 $aRoland$b Paul$f1959-$0489938 702 $aBoux$b Sarah 702 $aThomas$b Justine 702 $aTimmermans$b Eric 801 0$bMiAaPQ 801 1$bMiAaPQ 801 2$bMiAaPQ 906 $aBOOK 912 $a9910815859103321 996 $aLes + grands meurtriers$94090420 997 $aUNINA